Applications/Site de A à Z - Statistiques

Statistiques générales
  • Ce quiz a été pris 381 fois
  • Le résultat moyen est 13 sur 26
Statistiques - réponses
Indice Réponse % Correct
Pour commander ce que l'on veut, partout Amazon
89%
Réseau social délaissé par la génération Z Facebook
85%
Réseau social avec des photos/vidéos, storys... Instagram
83%
Pour commander à manger et VTC Uber (Eats)
83%
Permet d'apprendre différentes langues Duolingo
77%
Pour regarder des films et séries Netflix
75%
Nouveau nom du réseau à l'oiseau bleu X
73%
Pour regarder des vidéos Youtube
72%
Permet de prendre des photos/vidéos qui disparaissent après avoir été vus Snapchat
71%
Application de messagerie, entre amis, famille, groupes... Whatsapp
70%
Application de message lié à l'application F Messenger
67%
Permet de faire des réunions en caméra Zoom
60%
On y trouve des offres d'emploi LinkedIn
50%
Pour prendre des vélos à Paris Velib
48%
Banque proposant des parrainages conséquant Boursorama Bank
45%
Pour manger fast food Quick
42%
Pour prendre/suivre les transports en commun parisien RATP
40%
Pratique lorsqu'on travaille en équipe Teams
38%
Pour trouver des billets d'avion à bas prix Kayak
37%
Vidéo chat avec des inconnus Omegle
37%
Application de mini-jeux avec ses amis Plato
37%
Grâce à elle on peut se faire livrer de la nourriture Just Eat
18%
VTC pas chère Heetch
16%
Très utile pour libérer de l'espace, nettoyer les virus, etc Ccleaner
13%
Permet de faire des dons de vêtements, objets et autres Geev
4%
Permet de trouver des petits jobs, CDD, CDI... Extracadabra
0%
Aucun quiz correspondant
Distribution des résultats
% des personnes avec chaque résultat
Percentile par nombre de réponses
Votre historique - résultats
Vous n’avez pas pris ce quiz